Pak proxy war : A story of ISI, bin Laden, and Kargil
Pakistan's attack on India at Kargil; exploitation of Muslim fundamentalist Osama Bin Laden and Inter Services Intelligence, the national security agency of Pakistan.
Wedi'i Gadw mewn:
| Prif Awdur: | |
|---|---|
| Fformat: | Llyfr |
| Iaith: | Undetermined |
| Cyhoeddwyd: |
New Delhi
Kaveri Books
1999
|
| Pynciau: | |
| Tagiau: |
Ychwanegu Tag
Dim Tagiau, Byddwch y cyntaf i dagio'r cofnod hwn!
|
| Thư viện lưu trữ: | Trung tâm Học liệu Trường Đại học Cần Thơ |
|---|
| LEADER | 00920nam a2200229Ia 4500 | ||
|---|---|---|---|
| 001 | CTU_216933 | ||
| 008 | 210402s9999 xx 000 0 und d | ||
| 082 | |a 327.54 | ||
| 082 | |b S531 | ||
| 100 | |a Sharma, Rajeev | ||
| 245 | 0 | |a Pak proxy war : | |
| 245 | 2 | |b A story of ISI, bin Laden, and Kargil | |
| 245 | 0 | |c Rajeev Sharma ; foreword by N.C. Suri | |
| 260 | |a New Delhi | ||
| 260 | |b Kaveri Books | ||
| 260 | |c 1999 | ||
| 520 | |a Pakistan's attack on India at Kargil; exploitation of Muslim fundamentalist Osama Bin Laden and Inter Services Intelligence, the national security agency of Pakistan. | ||
| 650 | |a Pakistan,Ấn Độ,Pakistan,India | ||
| 650 | |x Military relations,Quan hệ quân sự,Quan hệ quân sự,Military relations | ||
| 650 | |z Indiam,Pakistan,Ấn Độ,Pakistan | ||
| 904 | |i Qhieu -Trần Bé Ngọc | ||
| 980 | |a Trung tâm Học liệu Trường Đại học Cần Thơ | ||